La problemática de los plaguicidas en el sector agronómico /

Guardado en:
書目詳細資料
主要作者: Benzekri Barbier, Pierre Thami
格式: Texto
主題:
標簽: 添加標簽
沒有標簽, 成為第一個標記此記錄!

MARC

LEADER 00000 a a2200000 04500
001 47589
003
040
090 |a REV0857 7 (20) 1981  
100 |a Benzekri Barbier, Pierre Thami  
245 |a La problemática de los plaguicidas en el sector agronómico /  |c Pierre Thami Benzekri Barbier  
650 |a PLAGUICIDAS  
650 |a SECTOR AGROPECUARIO  
650 |a DETERIORO AMBIENTAL  
650 |a ASPECTOS SOCIALES  
773 |g volumen7, número20, setiembre-diciembre (1981)  
999 |c 27473  |d 27473